[Event "Titled Tuesday intern op 13th Jun Early"]
[Site "Chess.com INT"]
[Date "2023.06.13"]
[Round "5"]
[White "Chakravarthi, Reddy M"]
[Black "Bilan, Danila"]
[Result "0-1"]
[WhiteElo "2247"]
[BlackElo "2303"]
[PlyCount "104"]
[EventDate "2023.06.13"]
[EventType "swiss (blitz)"]
[EventRounds "11"]
[EventCountry "USA"]
[SourceTitle "EXT 2024"]
[Source "ChessBase"]
[SourceDate "2023.10.10"]
[SourceVersion "1"]
[SourceVersionDate "2023.10.10"]
[SourceQuality "1"]

1. e4 c6 2. d4 d5 3. e5 c5 4. Nf3 Bg4 5. Bb5+ Nc6 6. dxc5 e6 7. b4 Qc7 8. Bxc6+ bxc6 9. Bf4 a5 10. c3 Ne7 11. h3 Bxf3 12. Qxf3 Ng6 13. Qg3 Nxf4 14. Qxf4 f6 15. 0-0 Qxe5 16. Qc1 Kf7 17. Nd2 axb4 18. cxb4 Qf5 19. Nb3 e5 20. a4 Rb8 21. Na5 Rxb4 22. Nxc6 Rc4 23. Qd1 Rxc5 24. Nb4 d4 25. a5 Bd6 26. a6 Ra8 27. Nd3 Rc3 28. Nb2 Qc2 29. Na4 Qxd1 30. Rfxd1 Ra3 31. Rxa3 Bxa3 32. Ra1 Rxa6 33. Rxa3 d3 34. Kf1 e4 35. Ke1 f5 36. Kd2 g6 37. h4 Kf6 38. g3 Ke5 39. Ra2 Kd4 40. Nc3 Rb6 41. Ra4+ Kc5 42. Ra2 h6 43. Na4+ Kb5 44. Nxb6 Kxb6 45. Rb2+ Kc5 46. Rb8 g5 47. Rh8 f4 48. Rxh6 Kd4 49. Rd6+ Ke5 50. Rd8 e3+ 51. fxe3 fxg3 52. Rg8 gxh4 0-1

[Event "Titled Tuesday intern op 13th Jun Early"]
[Site "Chess.com INT"]
[Date "2023.06.13"]
[Round "1"]
[White "Singh, Ojasva"]
[Black "Chakravarthi, Reddy M"]
[Result "1-0"]
[WhiteElo "2328"]
[BlackElo "2247"]
[PlyCount "47"]
[EventDate "2023.06.13"]
[EventType "swiss (blitz)"]
[EventRounds "11"]
[EventCountry "USA"]
[SourceTitle "EXT 2024"]
[Source "ChessBase"]
[SourceDate "2023.10.10"]
[SourceVersion "1"]
[SourceVersionDate "2023.10.10"]
[SourceQuality "1"]

1. e4 e5 2. Nf3 Nc6 3. Bc4 Nf6 4. 0-0 Bc5 5. d4 Nxd4 6. Nxe5 0-0 7. Be3 d6 8. Nxf7 Rxf7 9. Bxf7+ Kxf7 10. Bxd4 Nxe4 11. Qh5+ Kg8 12. Qd5+ Kh8 13. Qxe4 d5 14. Qe5 Bxd4 15. Qxd4 c6 16. Nd2 Bf5 17. c3 Qg5 18. Nf3 Qh5 19. Rfe1 Be4 20. Re3 Rf8 21. Rae1 Bxf3 22. Rxf3 Rxf3 23. gxf3 h6 24. Qg4 1-0

[Event "Titled Tuesday intern op 13th Jun Early"]
[Site "Chess.com INT"]
[Date "2023.06.13"]
[Round "2"]
[White "Yeritsyan, Hayk"]
[Black "Chakravarthi, Reddy M"]
[Result "1-0"]
[WhiteElo "2241"]
[BlackElo "2247"]
[PlyCount "63"]
[EventDate "2023.06.13"]
[EventType "swiss (blitz)"]
[EventRounds "11"]
[EventCountry "USA"]
[SourceTitle "EXT 2024"]
[Source "ChessBase"]
[SourceDate "2023.10.10"]
[SourceVersion "1"]
[SourceVersionDate "2023.10.10"]
[SourceQuality "1"]

1. e4 e5 2. Nf3 Nc6 3. Bb5 a6 4. Ba4 Nf6 5. 0-0 b5 6. Bb3 Be7 7. c3 0-0 8. d4 Nxe4 9. Bd5 Nf6 10. Bxc6 dxc6 11. Nxe5 Bb7 12. Qf3 Nd5 13. Nd3 c5 14. dxc5 Rb8 15. Qg3 g6 16. Bh6 Re8 17. Nd2 c6 18. Rad1 Qc8 19. Ne4 Bf8 20. Bxf8 Rxf8 21. Ne5 Qc7 22. Rd4 f6 23. Ng4 Qxg3 24. Nxg3 f5 25. Ne3 Nxe3 26. fxe3 Rbe8 27. Kf2 Bc8 28. Rfd1 f4 29. Rxf4 Rxf4+ 30. exf4 Be6 31. Re1 Kf7 32. Ne4 1-0

[Event "Titled Tuesday intern op 23rd May Late"]
[Site "Chess.com INT"]
[Date "2023.05.23"]
[Round "11"]
[White "Chakravarthi, Reddy M"]
[Black "Buchenau, Frank"]
[Result "0-1"]
[WhiteElo "2279"]
[BlackElo "2222"]
[PlyCount "68"]
[EventDate "2023.05.23"]
[EventType "swiss (blitz)"]
[EventRounds "11"]
[EventCountry "USA"]
[SourceTitle "EXT 2024"]
[Source "ChessBase"]
[SourceDate "2023.10.10"]
[SourceVersion "1"]
[SourceVersionDate "2023.10.10"]
[SourceQuality "1"]

1. e4 e6 2. d4 d5 3. e5 c5 4. c3 Qb6 5. Nf3 Bd7 6. Be2 cxd4 7. cxd4 Bb5 8. 0-0 Bxe2 9. Qxe2 Nc6 10. Nc3 Nge7 11. Rd1 Nf5 12. g4 Nfxd4 13. Nxd4 Nxd4 14. Rxd4 Qxd4 15. Qb5+ Kd8 16. h3 Qb6 17. Qe2 Be7 18. Be3 Qb4 19. Rd1 Rc8 20. Qf3 Ke8 21. Qe2 Qc4 22. Qf3 Bc5 23. Bg5 h6 24. Bd2 Bd4 25. Rc1 Rc6 26. Ne2 Qa4 27. Rxc6 bxc6 28. b3 Qxa2 29. Nxd4 Qxd2 30. Kg2 h5 31. Nxc6 hxg4 32. Qxg4 Rh6 33. Kh2 Rg6 34. Qf3 Qc1 0-1

[Event "Titled Tuesday intern op 23rd May Late"]
[Site "Chess.com INT"]
[Date "2023.05.23"]
[Round "1"]
[White "Eugene, Floryan"]
[Black "Chakravarthi, Reddy M"]
[Result "1-0"]
[WhiteElo "2388"]
[BlackElo "2279"]
[PlyCount "65"]
[EventDate "2023.05.23"]
[EventType "swiss (blitz)"]
[EventRounds "11"]
[EventCountry "USA"]
[SourceTitle "EXT 2024"]
[Source "ChessBase"]
[SourceDate "2023.10.10"]
[SourceVersion "1"]
[SourceVersionDate "2023.10.10"]
[SourceQuality "1"]

1. d4 d5 2. c4 c6 3. Nf3 Nf6 4. e3 e6 5. Nbd2 Nbd7 6. b3 c5 7. Bb2 cxd4 8. exd4 dxc4 9. bxc4 Bb4 10. Bd3 0-0 11. 0-0 b6 12. Qe2 Bb7 13. Ne5 Bxd2 14. Qxd2 Nxe5 15. dxe5 Ne4 16. Qe2 Nc5 17. Bc2 Qg5 18. f4 Qe7 19. Rae1 Rad8 20. Bc3 Rd7 21. Qg4 g6 22. Re3 Rc8 23. h4 h5 24. Qg3 Rcd8 25. f5 exf5 26. Bxf5 Rc7 27. e6 Kh7 28. exf7 Qxf7 29. Bc2 Qg8 30. Rf6 Rc6 31. Qg5 Rxf6 32. Bxf6 Rf8 33. Qxh5# 1-0

[Event "Titled Tuesday intern op 23rd May Late"]
[Site "Chess.com INT"]
[Date "2023.05.23"]
[Round "2"]
[White "Goncalves, Davi Sulzbacher"]
[Black "Chakravarthi, Reddy M"]
[Result "1-0"]
[WhiteElo "2282"]
[BlackElo "2279"]
[PlyCount "87"]
[EventDate "2023.05.23"]
[EventType "swiss (blitz)"]
[EventRounds "11"]
[EventCountry "USA"]
[SourceTitle "EXT 2024"]
[Source "ChessBase"]
[SourceDate "2023.10.10"]
[SourceVersion "1"]
[SourceVersionDate "2023.10.10"]
[SourceQuality "1"]

1. b3 d5 2. Bb2 c6 3. e3 Nf6 4. g3 e6 5. Bg2 Nbd7 6. Ne2 Bd6 7. 0-0 0-0 8. d3 e5 9. Nd2 Re8 10. c4 Qe7 11. Qc2 b6 12. Rac1 Bb7 13. Qb1 Rac8 14. Qa1 c5 15. cxd5 Bxd5 16. Nc4 Bb8 17. Rfd1 h6 18. a3 Rcd8 19. h3 Nf8 20. b4 b5 21. Na5 cxb4 22. axb4 Rc8 23. Nc6 Bxc6 24. Bxc6 Rxc6 25. Rxc6 Qd7 26. Rdc1 Qxh3 27. Rxf6 gxf6 28. Qa6 Ne6 29. Qxb5 Rf8 30. Qb7 Ng5 31. f4 exf4 32. exf4 Qg4 33. Qg2 Nh3+ 34. Kh2 Re8 35. Nd4 Bd6 36. Qxh3 Qg6 37. Qf5 Qg7 38. Rc6 Bxb4 39. Qxf6 Qxf6 40. Rxf6 Bc5 41. Kh3 Rd8 42. Nf5 Rxd3 43. Rxh6 Kf8 44. Rh8# 1-0

[Event "Titled Tuesday intern op 23rd May Late"]
[Site "Chess.com INT"]
[Date "2023.05.23"]
[Round "10"]
[White "Perez, Maximiliano"]
[Black "Chakravarthi, Reddy M"]
[Result "1-0"]
[WhiteElo "2396"]
[BlackElo "2279"]
[PlyCount "71"]
[EventDate "2023.05.23"]
[EventType "swiss (blitz)"]
[EventRounds "11"]
[EventCountry "USA"]
[SourceTitle "EXT 2024"]
[Source "ChessBase"]
[SourceDate "2023.10.10"]
[SourceVersion "1"]
[SourceVersionDate "2023.10.10"]
[SourceQuality "1"]

1. e4 e5 2. Nf3 Nc6 3. Bc4 Nf6 4. d3 Bc5 5. 0-0 d6 6. c3 a6 7. a4 Ba7 8. Re1 0-0 9. h3 h6 10. Nbd2 Re8 11. Nf1 Be6 12. Bxe6 Rxe6 13. Ng3 d5 14. Qc2 dxe4 15. dxe4 Ne7 16. Nf5 Ng6 17. g3 Qe8 18. Kg2 Rd8 19. b4 a5 20. bxa5 Ra6 21. Rb1 Qc6 22. Rb5 b6 23. Nxe5 Nxe5 24. Ne7+ Kf8 25. Nxc6 Nxc6 26. e5 Nd5 27. Rd1 Nce7 28. c4 c6 29. Rb3 Rxa5 30. cxd5 cxd5 31. Ba3 Ke8 32. e6 fxe6 33. Re3 Rxa4 34. Bxe7 Kxe7 35. Qc6 Rd6 36. Qxa4 1-0

[Event "Titled Tuesday intern op 23rd May Late"]
[Site "Chess.com INT"]
[Date "2023.05.23"]
[Round "6"]
[White "Vega Gutierrez, Sabrina Neide"]
[Black "Chakravarthi, Reddy M"]
[Result "0-1"]
[WhiteElo "2377"]
[BlackElo "2279"]
[PlyCount "52"]
[EventDate "2023.05.23"]
[EventType "swiss (blitz)"]
[EventRounds "11"]
[EventCountry "USA"]
[SourceTitle "EXT 2024"]
[Source "ChessBase"]
[SourceDate "2023.10.10"]
[SourceVersion "1"]
[SourceVersionDate "2023.10.10"]
[SourceQuality "1"]

1. e4 e5 2. Nf3 Nc6 3. Nc3 Nf6 4. g3 d5 5. exd5 Nxd5 6. Bg2 Be6 7. 0-0 Be7 8. Re1 Bf6 9. Ne4 0-0 10. d3 Be7 11. Neg5 Bg4 12. h3 Bxg5 13. hxg4 Bxc1 14. Rxc1 Re8 15. a3 Qd6 16. Nd2 Rad8 17. Ne4 Qg6 18. g5 Nd4 19. c3 Ne6 20. Qd2 b6 21. Rcd1 c5 22. Bh3 h6 23. gxh6 f5 24. hxg7 fxe4 25. Rxe4 Ng5 26. Rh4 Nf3+ 0-1

[Event "Titled Tuesday intern op 16th May Early"]
[Site "Chess.com INT"]
[Date "2023.05.16"]
[Round "2"]
[White "Chakravarthi, Reddy M"]
[Black "Chernomordik, Pavel"]
[Result "0-1"]
[WhiteElo "2279"]
[BlackElo "2150"]
[PlyCount "64"]
[EventDate "2023.05.16"]
[EventType "swiss (blitz)"]
[EventRounds "11"]
[EventCountry "USA"]
[SourceTitle "CBM 214 Extra"]
[Source "ChessBase"]
[SourceDate "2023.07.31"]
[SourceVersion "1"]
[SourceVersionDate "2023.07.31"]
[SourceQuality "1"]

1. e4 g6 2. d4 Bg7 3. Nc3 d6 4. f4 a6 5. a4 b6 6. Nf3 e6 7. Bd3 Ne7 8. 0-0 c5 9. d5 exd5 10. Nxd5 Nxd5 11. exd5 0-0 12. f5 c4 13. fxg6 cxd3 14. gxh7+ Kh8 15. Qxd3 Nd7 16. Ng5 Ne5 17. Qe2 Qe7 18. Bf4 f6 19. Ne4 Bf5 20. Ng3 Bxh7 21. Rae1 Qf7 22. Ne4 Qxd5 23. Nc3 Qc4 24. Qh5 Rae8 25. Re3 Qf7 26. Qh4 Ng6 27. Qg3 Nxf4 28. Qxf4 Rxe3 29. Qxe3 f5 30. Ne2 Re8 31. Qf2 Qc4 32. Ng3 Bd4 0-1

[Event "Titled Tuesday intern op 16th May Early"]
[Site "Chess.com INT"]
[Date "2023.05.16"]
[Round "10"]
[White "Papayan, Oleg"]
[Black "Chakravarthi, Reddy M"]
[Result "1-0"]
[WhiteElo "2253"]
[BlackElo "2279"]
[PlyCount "69"]
[EventDate "2023.05.16"]
[EventType "swiss (blitz)"]
[EventRounds "11"]
[EventCountry "USA"]
[SourceTitle "CBM 214 Extra"]
[Source "ChessBase"]
[SourceDate "2023.07.31"]
[SourceVersion "1"]
[SourceVersionDate "2023.07.31"]
[SourceQuality "1"]

1. e4 c5 2. d4 cxd4 3. Qxd4 Nc6 4. Qd3 Nf6 5. Nc3 g6 6. Nf3 d6 7. Be2 Bg7 8. 0-0 0-0 9. Nd5 Bg4 10. c3 Bxf3 11. Qxf3 Ne5 12. Qg3 Nxe4 13. Qh4 Nf6 14. Nf4 Rc8 15. Nh3 h5 16. Be3 a6 17. Rad1 Nfg4 18. Bg5 f6 19. Bc1 Qe8 20. f3 g5 21. Qe1 Nh6 22. f4 gxf4 23. Nxf4 Qa4 24. Ne6 f5 25. Qg3 Neg4 26. Nxg7 Kxg7 27. h3 Qxa2 28. hxg4 Nxg4 29. Qh4 Qe6 30. Qg5+ Qg6 31. Qxe7+ Rf7 32. Qh4 d5 33. Rxd5 Qb6+ 34. Kh1 Rd8 35. Rxd8 1-0

[Event "Titled Tuesday intern op 02nd May Late"]
[Site "Chess.com INT"]
[Date "2023.05.02"]
[Round "1"]
[White "Poltorak, Sebastian"]
[Black "Chakravarthi, Reddy M"]
[Result "1-0"]
[WhiteElo "2354"]
[BlackElo "2279"]
[PlyCount "77"]
[EventDate "2023.05.02"]
[EventType "swiss (blitz)"]
[EventRounds "11"]
[EventCountry "USA"]
[SourceTitle "EXT 2024"]
[Source "ChessBase"]
[SourceDate "2023.10.10"]
[SourceVersion "1"]
[SourceVersionDate "2023.10.10"]
[SourceQuality "1"]

1. e4 e5 2. Nc3 Nc6 3. Nf3 Nf6 4. g3 Bc5 5. Bg2 0-0 6. d3 d5 7. exd5 Nxd5 8. 0-0 Re8 9. Re1 f6 10. Nxd5 Qxd5 11. Be3 Bxe3 12. fxe3 Bg4 13. h3 Bh5 14. g4 Bf7 15. e4 Qc5+ 16. Kh2 Rad8 17. Qd2 Qb4 18. Qf2 Nd4 19. Nxd4 exd4 20. b3 b6 21. Rf1 a5 22. g5 Qd6+ 23. Kh1 Re6 24. gxf6 Rxf6 25. Qh4 Rh6 26. Qf4 Qd7 27. Rf2 Be6 28. Raf1 Rf6 29. Qh4 Rxf2 30. Rxf2 Rf8 31. Rxf8+ Kxf8 32. Qxh7 Qf7 33. Qh8+ Ke7 34. Qh4+ Kd7 35. Qg3 Kc8 36. Kh2 a4 37. Qf3 Qd7 38. e5 a3 39. Qa8# 1-0

[Event "Titled Tuesday intern op 25th Apr Early"]
[Site "Chess.com INT"]
[Date "2023.04.25"]
[Round "10"]
[White "Chakravarthi, Reddy M"]
[Black "Barwinska, Ewa"]
[Result "0-1"]
[WhiteElo "2278"]
[BlackElo "1914"]
[PlyCount "44"]
[EventDate "2023.04.25"]
[EventType "swiss (blitz)"]
[EventRounds "11"]
[EventCountry "USA"]
[SourceTitle "EXT 2024"]
[Source "ChessBase"]
[SourceDate "2023.10.10"]
[SourceVersion "1"]
[SourceVersionDate "2023.10.10"]
[SourceQuality "1"]

1. e4 c5 2. Nf3 d6 3. d4 cxd4 4. Nxd4 Nf6 5. Nc3 a6 6. Bg5 e6 7. f4 Nc6 8. Nb3 Be7 9. Qf3 h6 10. Bh4 Qc7 11. 0-0-0 b5 12. e5 dxe5 13. fxe5 Nd7 14. Bxe7 Kxe7 15. Bxb5 axb5 16. Nxb5 Qb6 17. Qd3 Ncxe5 18. Qe2 Ba6 19. a4 Bxb5 20. axb5 Rhb8 21. Nd4 Ra1+ 22. Kd2 Qxd4+ 0-1

[Event "Titled Tuesday intern op 25th Apr Early"]
[Site "Chess.com INT"]
[Date "2023.04.25"]
[Round "7"]
[White "Chakravarthi, Reddy M"]
[Black "Dwilewicz, Katarzyna"]
[Result "0-1"]
[WhiteElo "2278"]
[BlackElo "2115"]
[PlyCount "58"]
[EventDate "2023.04.25"]
[EventType "swiss (blitz)"]
[EventRounds "11"]
[EventCountry "USA"]
[SourceTitle "EXT 2024"]
[Source "ChessBase"]
[SourceDate "2023.10.10"]
[SourceVersion "1"]
[SourceVersionDate "2023.10.10"]
[SourceQuality "1"]

1. e4 c5 2. Nf3 d6 3. d4 cxd4 4. Nxd4 Nf6 5. Nc3 a6 6. Bg5 Nbd7 7. Qe2 g6 8. 0-0-0 Bg7 9. h4 h6 10. Be3 0-0 11. f4 Qc7 12. h5 Nxh5 13. Rxh5 gxh5 14. Qxh5 Nf6 15. Qh1 Bg4 16. Be2 Bxe2 17. Ndxe2 b5 18. f5 b4 19. Bxh6 bxc3 20. Bxg7 Kxg7 21. Rd3 cxb2+ 22. Kb1 Nxe4 23. Qh4 Rh8 24. Qxe4 Rh1+ 25. Kxb2 Rb8+ 26. Rb3 Rxb3+ 27. axb3 Qc5 28. Nc3 Qe5 29. Qf4 Qxf4 0-1

[Event "Titled Tuesday intern op 25th Apr Late"]
[Site "Chess.com INT"]
[Date "2023.04.25"]
[Round "6"]
[White "Chakravarthi, Reddy M"]
[Black "Micic, Aleksa"]
[Result "1/2-1/2"]
[WhiteElo "2278"]
[BlackElo "2235"]
[PlyCount "128"]
[EventDate "2023.04.25"]
[EventType "swiss (blitz)"]
[EventRounds "11"]
[EventCountry "USA"]
[SourceTitle "EXT 2024"]
[Source "ChessBase"]
[SourceDate "2023.10.10"]
[SourceVersion "1"]
[SourceVersionDate "2023.10.10"]
[SourceQuality "1"]

1. e4 c5 2. Nf3 d6 3. d4 cxd4 4. Nxd4 Nf6 5. Nc3 g6 6. f3 Bg7 7. Be3 0-0 8. Qd2 Nc6 9. h4 h5 10. 0-0-0 Nxd4 11. Bxd4 Be6 12. Be2 Qa5 13. Kb1 Rac8 14. Nd5 Qxd2 15. Nxe7+ Kh7 16. Rxd2 Rce8 17. Bxf6 Bxf6 18. Nd5 Bxd5 19. exd5 Re5 20. c4 Rfe8 21. Bd3 Re1+ 22. Rxe1 Rxe1+ 23. Kc2 Bxh4 24. g4 Bg5 25. Rf2 Kh6 26. f4 Bh4 27. Rg2 hxg4 28. Rxg4 Bf6 29. f5 g5 30. b4 Ra1 31. Kb3 Kh5 32. Rg2 Re1 33. c5 dxc5 34. bxc5 Re3 35. Kc4 g4 36. Be2 Re4+ 37. Kb5 Kh4 38. c6 bxc6+ 39. dxc6 Bd8 40. Bf1 g3 41. Rd2 Bb6 42. a4 Re5+ 43. Kc4 Rxf5 44. Bg2 Rf4+ 45. Kd5 Rf2 46. Rxf2 gxf2 47. Kd6 Kg3 48. Bf1 Kh2 49. c7 Bxc7+ 50. Kxc7 Kg1 51. Bc4 f1Q 52. Bxf1 Kxf1 53. Kb7 a5 54. Kb6 f5 55. Kxa5 f4 56. Kb6 f3 57. a5 Ke2 58. a6 f2 59. a7 f1Q 60. a8Q Qb1+ 61. Kc7 Qh7+ 62. Kb6 Qg6+ 63. Kc7 Qf7+ 64. Kb6 Qe6+ 1/2-1/2

[Event "Titled Tuesday intern op 25th Apr Late"]
[Site "Chess.com INT"]
[Date "2023.04.25"]
[Round "5"]
[White "Chakravarthi, Reddy M"]
[Black "Sanchez, Roberto Daniel"]
[Result "1-0"]
[WhiteElo "2278"]
[BlackElo "1966"]
[PlyCount "67"]
[EventDate "2023.04.25"]
[EventType "swiss (blitz)"]
[EventRounds "11"]
[EventCountry "USA"]
[SourceTitle "EXT 2024"]
[Source "ChessBase"]
[SourceDate "2023.10.10"]
[SourceVersion "1"]
[SourceVersionDate "2023.10.10"]
[SourceQuality "1"]

1. e4 e6 2. d4 d5 3. e5 b6 4. c3 Qd7 5. Nf3 Ba6 6. Bxa6 Nxa6 7. Qd3 Nb8 8. 0-0 c5 9. Nbd2 Ne7 10. c4 Nbc6 11. cxd5 Nxd5 12. Ne4 cxd4 13. Bg5 h6 14. Bd2 Be7 15. a3 0-0 16. Rad1 Rad8 17. Rfe1 Qc7 18. Ng3 Rfe8 19. Re4 f5 20. exf6 Bxf6 21. Rde1 e5 22. Rg4 Kh8 23. Nh5 Qf7 24. Qf5 Nce7 25. Nxe5 Nxf5 26. Nxf7+ Kh7 27. Nxd8 Rxd8 28. Nxf6+ Nxf6 29. Rf4 Rd5 30. h3 g5 31. Rf3 Kg6 32. Re6 Kf7 33. Rxf6+ Kxf6 34. g4 1-0

[Event "Titled Tuesday intern op 25th Apr Early"]
[Site "Chess.com INT"]
[Date "2023.04.25"]
[Round "4"]
[White "Chakravarthi, Reddy M"]
[Black "Turzo, Attila"]
[Result "0-1"]
[WhiteElo "2278"]
[BlackElo "2279"]
[PlyCount "100"]
[EventDate "2023.04.25"]
[EventType "swiss (blitz)"]
[EventRounds "11"]
[EventCountry "USA"]
[SourceTitle "EXT 2024"]
[Source "ChessBase"]
[SourceDate "2023.10.10"]
[SourceVersion "1"]
[SourceVersionDate "2023.10.10"]
[SourceQuality "1"]

1. e4 c5 2. Nf3 Nc6 3. Bb5 g6 4. 0-0 Bg7 5. Re1 e5 6. c3 a6 7. Bxc6 dxc6 8. h3 Qd3 9. Re3 Qd6 10. Na3 b5 11. d4 cxd4 12. cxd4 c5 13. d5 Ne7 14. Rc3 0-0 15. Be3 c4 16. b4 Bd7 17. Bc5 Qf6 18. Nc2 Rfe8 19. Ne3 Nc8 20. d6 Qd8 21. Nd5 Rb8 22. Nc7 a5 23. a3 a4 24. Nxe8 Qxe8 25. Qd2 Bc6 26. Rd1 Qd7 27. Qg5 f6 28. Qe3 Bf8 29. Rc2 Qe6 30. Rcd2 Rb7 31. Ne1 Rd7 32. Nf3 Nxd6 33. Bxd6 Bxd6 34. Qb6 Bf8 35. Rxd7 Bxd7 36. Qd8 Bc6 37. Nh2 h5 38. g4 Qe7 39. Qc8 Bb7 40. Qb8 Bxe4 41. gxh5 gxh5 42. f3 Bc2 43. Rd2 Bf5 44. Rg2+ Kh7 45. h4 c3 46. Nf1 c2 47. Rxc2 Bxc2 48. Qc8 Bd3 49. Ne3 Qa7 50. Kf2 Bh6 0-1

[Event "Titled Tuesday intern op 25th Apr Late"]
[Site "Chess.com INT"]
[Date "2023.04.25"]
[Round "1"]
[White "Ehlvest, Jaan"]
[Black "Chakravarthi, Reddy M"]
[Result "1-0"]
[WhiteElo "2530"]
[BlackElo "2278"]
[PlyCount "41"]
[EventDate "2023.04.25"]
[EventType "swiss (blitz)"]
[EventRounds "11"]
[EventCountry "USA"]
[SourceTitle "EXT 2024"]
[Source "ChessBase"]
[SourceDate "2023.10.10"]
[SourceVersion "1"]
[SourceVersionDate "2023.10.10"]
[SourceQuality "1"]

1. e4 g6 2. d4 Bg7 3. Nc3 d6 4. Nf3 a6 5. Be3 b5 6. Qd2 Bb7 7. Bd3 Nf6 8. Bh6 0-0 9. Bxg7 Kxg7 10. h4 h5 11. Ng5 c5 12. dxc5 dxc5 13. e5 Nd5 14. Be4 e6 15. 0-0-0 Nd7 16. Nxd5 exd5 17. Bxd5 Ra7 18. Bxf7 Bxg2 19. Ne6+ Kxf7 20. Nxd8+ Rxd8 21. Rhg1 1-0

[Event "Titled Tuesday intern op 25th Apr Late"]
[Site "Chess.com INT"]
[Date "2023.04.25"]
[Round "7"]
[White "Rios Escobar, Adan"]
[Black "Chakravarthi, Reddy M"]
[Result "1-0"]
[WhiteElo "2234"]
[BlackElo "2278"]
[PlyCount "47"]
[EventDate "2023.04.25"]
[EventType "swiss (blitz)"]
[EventRounds "11"]
[EventCountry "USA"]
[SourceTitle "EXT 2024"]
[Source "ChessBase"]
[SourceDate "2023.10.10"]
[SourceVersion "1"]
[SourceVersionDate "2023.10.10"]
[SourceQuality "1"]

1. d4 d5 2. g3 Nf6 3. Nf3 c5 4. Bg2 cxd4 5. 0-0 Nc6 6. Nxd4 h6 7. Nxc6 bxc6 8. c4 e5 9. Nc3 d4 10. Bxc6+ Bd7 11. Bxa8 Qxa8 12. Nb5 Qb7 13. f3 Bc5 14. b4 Bxb4 15. Qb3 Bxb5 16. Qxb4 Bc6 17. Qd6 Nd7 18. Ba3 Kd8 19. Rab1 Qc7 20. Qe7+ Kc8 21. Bd6 Qd8 22. Qxf7 Qf6 23. Rb8+ Nxb8 24. Qc7# 1-0

[Event "Titled Tuesday intern op 25th Apr Early"]
[Site "Chess.com INT"]
[Date "2023.04.25"]
[Round "9"]
[White "Vidruska, Renate"]
[Black "Chakravarthi, Reddy M"]
[Result "1/2-1/2"]
[WhiteElo "1983"]
[BlackElo "2278"]
[PlyCount "80"]
[EventDate "2023.04.25"]
[EventType "swiss (blitz)"]
[EventRounds "11"]
[EventCountry "USA"]
[SourceTitle "EXT 2024"]
[Source "ChessBase"]
[SourceDate "2023.10.10"]
[SourceVersion "1"]
[SourceVersionDate "2023.10.10"]
[SourceQuality "1"]

1. e4 g6 2. d4 Bg7 3. Nc3 d6 4. Nf3 a6 5. a4 Nc6 6. Be2 Nf6 7. 0-0 0-0 8. h3 d5 9. e5 Ne4 10. Bd3 Nxc3 11. bxc3 f6 12. exf6 Rxf6 13. Re1 Bf5 14. Ba3 Qd7 15. Ne5 Nxe5 16. Rxe5 e6 17. Bf1 Rf7 18. Re3 Bf8 19. g4 Bh6 20. gxf5 Bxe3 21. fxe3 gxf5 22. Bg2 Kh8 23. Kh1 Rg8 24. Qf3 Rfg7 25. Rg1 Rg3 26. Qf4 Qg7 27. Qf2 Qh6 28. Bc1 Rxh3+ 29. Bxh3 Qxh3+ 30. Qh2 Qf3+ 31. Rg2 Rg3 32. Qxg3 Qh5+ 33. Rh2 Qd1+ 34. Qg1 Qf3+ 35. Rg2 Qh5+ 36. Qh2 Qd1+ 37. Qg1 Qh5+ 38. Rh2 Qf3+ 39. Qg2 Qd1+ 40. Qg1 Qf3+ 1/2-1/2

[Event "Titled Tuesday intern op 14th Mar Early"]
[Site "Chess.com INT"]
[Date "2023.03.14"]
[Round "6"]
[White "Fathy, Elameir"]
[Black "Chakravarthi, Reddy M"]
[Result "1-0"]
[WhiteElo "2300"]
[BlackElo "2278"]
[PlyCount "37"]
[EventDate "2023.03.14"]
[EventType "swiss (blitz)"]
[EventRounds "11"]
[EventCountry "USA"]
[SourceTitle "EXT 2024"]
[Source "ChessBase"]
[SourceDate "2023.10.10"]
[SourceVersion "1"]
[SourceVersionDate "2023.10.10"]
[SourceQuality "1"]

1. d4 d5 2. c4 c6 3. Nc3 Nf6 4. e3 e6 5. Nf3 Nbd7 6. Be2 Bd6 7. 0-0 0-0 8. b3 b6 9. Bb2 Bb7 10. Bd3 c5 11. cxd5 Nxd5 12. Ne4 Be7 13. Qe2 cxd4 14. Nxd4 Nc5 15. Nxc5 Bxc5 16. Rfd1 Qg5 17. Be4 Nc3 18. Bxc3 Bxe4 19. f3 1-0

[Event "Titled Tuesday intern op 14th Mar Early"]
[Site "Chess.com INT"]
[Date "2023.03.14"]
[Round "4"]
[White "Pham, Le Thao Nguyen"]
[Black "Chakravarthi, Reddy M"]
[Result "1/2-1/2"]
[WhiteElo "2369"]
[BlackElo "2278"]
[PlyCount "165"]
[EventDate "2023.03.14"]
[EventType "swiss (blitz)"]
[EventRounds "11"]
[EventCountry "USA"]
[SourceTitle "EXT 2024"]
[Source "ChessBase"]
[SourceDate "2023.10.10"]
[SourceVersion "1"]
[SourceVersionDate "2023.10.10"]
[SourceQuality "1"]

1. Nf3 d5 2. d4 Nf6 3. c4 c6 4. Nc3 e6 5. e3 Nbd7 6. Qc2 Bd6 7. b3 0-0 8. Bb2 b6 9. cxd5 exd5 10. Bd3 c5 11. 0-0 Bb7 12. Nb5 Bb8 13. Ne5 a6 14. Na3 Bd6 15. f4 Rc8 16. Qe2 Ne4 17. Bxa6 Bxa6 18. Qxa6 c4 19. Nb5 Ra8 20. Qb7 Ndf6 21. bxc4 dxc4 22. Nxc4 Bb4 23. Ne5 Rc8 24. Rac1 Bd2 25. Rxc8 Bxe3+ 26. Kh1 Qxc8 27. Qxc8 Rxc8 28. g3 Rc2 29. Ba3 h5 30. Nf3 Ng4 31. d5 Rxa2 32. Bc1 Nef2+ 33. Kg2 Nd3+ 34. Kh3 Nxc1 35. d6 Ra8 36. d7 Rd8 37. Rd1 Ne2 38. Na7 Nf6 39. Re1 Rxd7 40. Nc6 Rc7 41. Nb4 Bd2 42. Rxe2 Bxb4 43. Rb2 Bc5 44. Rb5 g6 45. Ne5 Ng4 46. Nxg4 hxg4+ 47. Kxg4 Rd7 48. h4 Rd2 49. Rb3 Kg7 50. Rc3 Rd4 51. Rb3 Rb4 52. Rd3 Bd4 53. h5 gxh5+ 54. Kxh5 b5 55. g4 Rc4 56. g5 f6 57. g6 b4 58. Rf3 Rc3 59. Rf1 b3 60. Re1 Bc5 61. Rd1 b2 62. Rd7+ Kg8 63. Rb7 Rc2 64. Rb8+ Bf8 65. Rb7 Rh2+ 66. Kg4 Rg2+ 67. Kf5 Rc2 68. Kxf6 Rc6+ 69. Kg5 Rc5+ 70. f5 Rc2 71. f6 Rg2+ 72. Kf5 Rf2+ 73. Ke6 Re2+ 74. Kd5 Rd2+ 75. Ke4 Re2+ 76. Kd3 Rf2 77. g7 Bxg7 78. fxg7 Rf7 79. Rxb2 Kxg7 80. Re2 Rd7+ 81. Ke3 Re7+ 82. Kf2 Rf7+ 83. Kg2 1/2-1/2